Vorträge zur geschichte des privatrechts in Europa

Na minha lista:
Detalhes bibliográficos
Formato: Livro
Idioma:alemão
Publicado em: Frankfurt am Main Vittorio Klostermann 1981
Edição:1a. ed
Colecção:Ius commune. Sonderhefte, 15
Assuntos:
Tags: Adicionar Tag
Sem tags, seja o primeiro a adicionar uma tag!

MARC

LEADER 00000cam a2200000 a 4500
001 UCD2524
003 CL-VaPUC
005 20210709001856.0
008 160428e19810000gw 1 ger d
020 |a 3465014812 
082 0 4 |a 346.6  |b VOR  |2 21 
245 1 0 |a Vorträge zur geschichte des privatrechts in Europa 
250 |a 1a. ed 
260 |a Frankfurt am Main  |b Vittorio Klostermann  |c 1981 
300 |a 221 p 
490 0 |a Ius commune. Sonderhefte, 15 
583 |a last modification  |c 20190909 10:20:05  |k Rodrigo Vera 
650 0 0 |a Derecho privado  |9 258243 
650 0 7 |a SIMPOSIO  |2 CL-VaPUC  |9 341152 
651 0 |a Europa  |9 255156 
942 |c BK 
945 |a arojas  |d 20160428 21:50:00 
546 |a En Alemán 
536 |a Uniwersytet Jagiellonski 
536 |a Instytut Historyczno-Prawny 
536 |a Max-Planck-Institut für Europäische Rechtsgeschichte 
518 |p Symposium in Krakau, 1, Frankfurt, 1-12 Oktober 1979 
999 |c 384833  |d 384831 
952 |0 0  |1 0  |3 erb  |4 0  |6 346_600000000000000_VOR_1981  |7 0  |8 DER_HDC  |9 507820  |a BIBDER  |b BIBDER  |i 5284007  |o 346.6 VOR 1981  |p 5284007  |r 2023-01-25  |w 2020-01-23  |x Ubicación 4to Piso  |y BK  |z Estos recursos deben solicitarse con anticipación  |k DER